| 000 | 00982cam a2200301 4500 | ||
|---|---|---|---|
| 001 | ABS63239 | ||
| 008 | 000000n2000 000 0 eng u | ||
| 035 | _a(Sirsi) u109700 | ||
| 245 | _aManchester Focus | ||
| 260 | _c2000 | ||
| 490 |
_aMunicipal Journal _v17/23 November 2000, LOAN |
||
| 520 | _aSpecial supplement on Manchester which describes the city's economic upturn. Covers urban regeneration, Manchester's bid for the Commonwealth Games 2002, the role of Manchester City Council, transport, and Manchester airport. | ||
| 590 | _aABS | ||
| 650 | _aPOLITICS | ||
| 650 | _aCAREERS, EDUCATION AND TRAINING | ||
| 650 | _aURBAN REGENERATION | ||
| 650 | _aLEISURE FACILITIES | ||
| 650 | _aSPORTS FACILITIES | ||
| 650 | _aCOMMONWEALTH GAMES | ||
| 650 | _aBUSINESS PARKS | ||
| 650 | _aMANCHESTER CITY COUNCIL | ||
| 650 | _aECONOMY | ||
| 650 | _aMANCHESTER AIRPORT | ||
| 650 | _aTRANSPORT | ||
| 650 | _aMANCHESTER | ||
| 690 | _aREGENERATION | ||
| 942 | _n0 | ||
| 999 |
_c65486 _d65486 |
||